[Event "7th Paleochora Open 2014"]
[Site "Paleochora GRE"]
[Date "2014.07.21"]
[Round "1.1"]
[White "Kafetzi, Angeliki"]
[Black "Delchev, Aleksander"]
[Result "0-1"]
[BlackTitle "GM"]
[WhiteElo "1757"]
[BlackElo "2644"]
[WhiteFideId "4238419"]
[BlackFideId "2900394"]
[EventDate "2014.07.21"]

1. e4 c5 2. Nf3 e6 3. d4 cxd4 4. Nxd4 a6 5. c4 Nf6 6. Nc3 Bb4 7. Bd3 Nc6 8. Nxc6
dxc6 9. O-O e5 10. Ne2 Bc5 11. h3 Nh5 12. Rb1 a5 13. Bc2 Qh4 14. Qd3 Be6 15. b3
O-O 16. Qf3 g6 17. g4 Ng7 18. Qg3 Qxg3+ 19. Nxg3 f6 20. Bb2 h5 21. Bd1 Rfd8 22.
Bc3 Rd3 23. Ne2 hxg4 24. hxg4 Bxg4 25. Rc1 Kf7 0-1

[Event "7th Paleochora Open 2014"]
[Site "Paleochora GRE"]
[Date "2014.07.21"]
[Round "1.2"]
[White "Gupta, Abhijeet"]
[Black "Reginato, Dario"]
[Result "1-0"]
[WhiteTitle "GM"]
[WhiteElo "2634"]
[BlackElo "1746"]
[WhiteFideId "5010608"]
[BlackFideId "892300"]
[EventDate "2014.07.21"]

1. d4 d5 2. c4 c6 3. Nf3 Nf6 4. Nc3 e6 5. Bg5 Nbd7 6. cxd5 exd5 7. e3 Be7 8. Bd3
O-O 9. Qc2 a6 10. h3 Re8 11. O-O-O Qc7 12. Kb1 b5 13. g4 Bb7 14. Bxf6 Nxf6 15.
g5 Nd7 16. Bxh7+ Kf8 17. g6 Qd6 18. gxf7 Rec8 19. Bf5 Rd8 20. Bxd7 Rxd7 21. Ne5 1-0

[Event "7th Paleochora Open 2014"]
[Site "Paleochora GRE"]
[Date "2014.07.21"]
[Round "1.3"]
[White "Amarapala, Sherington"]
[Black "Zubarev, Alexander1"]
[Result "0-1"]
[BlackTitle "GM"]
[WhiteElo "1738"]
[BlackElo "2583"]
[WhiteFideId "1509055"]
[BlackFideId "14104385"]
[EventDate "2014.07.21"]

1. e4 c5 2. Nf3 e6 3. d4 cxd4 4. Nxd4 a6 5. c4 Nf6 6. Nc3 Bb4 7. f3 Qc7 8. a3
Bxc3+ 9. bxc3 d6 10. Be2 O-O 11. O-O Nbd7 12. Bg5 Nc5 13. Bxf6 gxf6 14. Kh1 Kh8
15. Nb3 Bd7 16. Nxc5 dxc5 17. Qd2 Bc6 18. Rg1 Qe5 19. g4 Rad8 20. Qe3 f5 21.
gxf5 exf5 22. Qg5 Rfe8 23. exf5 Rg8 24. Qh6 Qxf5 25. Rxg8+ Rxg8 26. Rf1 Re8 27.
Bd1 Qg6 28. Qf4 Rg8 29. Qe5+ f6 30. Qg3 Qd3 31. Qf2 Qxc4 32. Re1 Qxc3 33. Re3
Qa1 34. Qf1 c4 35. Qe2 Rd8 36. Kg2 Qxd1 0-1

[Event "7th Paleochora Open 2014"]
[Site "Paleochora GRE"]
[Date "2014.07.21"]
[Round "1.4"]
[White "Svetushkin, Dmitry"]
[Black "Tetepoulidis, Ioannis"]
[Result "1-0"]
[WhiteTitle "GM"]
[WhiteElo "2557"]
[BlackElo "1736"]
[WhiteFideId "13900463"]
[BlackFideId "4243528"]
[EventDate "2014.07.21"]

1. e4 e6 2. d3 d5 3. Qe2 dxe4 4. dxe4 Nc6 5. Nf3 e5 6. c3 Bg4 7. Nbd2 a6 8. h3
Be6 9. Nc4 f6 10. Qc2 Bc5 11. b4 Ba7 12. a4 Nce7 13. Be3 Bxe3 14. Nxe3 Nh6 15.
Rd1 Qc8 16. Nd5 Nxd5 17. exd5 Bf5 18. Bd3 O-O 19. O-O Rd8 20. c4 Bxd3 21. Qxd3
Qf5 22. Qb3 Nf7 23. Rfe1 Rd7 24. Nd2 Rad8 25. Ne4 b6 26. c5 Kh8 27. Qc4 Ra8 28.
d6 bxc5 29. bxc5 cxd6 30. c6 Rc7 31. Nxd6 Nxd6 32. Rxd6 Qc8 33. Red1 Qg8 34. Qc5
Qb8 35. Rd7 Rxd7 36. cxd7 Qd8 37. Qc6 Rb8 38. Qd6 Ra8 39. Rc1 h6 40. Qe6 1-0

[Event "7th Paleochora Open 2014"]
[Site "Paleochora GRE"]
[Date "2014.07.21"]
[Round "1.5"]
[White "Pandini, Giuseppe"]
[Black "Borovikov, Vladislav"]
[Result "0-1"]
[BlackTitle "GM"]
[WhiteElo "1722"]
[BlackElo "2556"]
[WhiteFideId "838292"]
[BlackFideId "14102811"]
[EventDate "2014.07.21"]

1. f4 d5 2. Nf3 Nf6 3. e3 c5 4. b3 g6 5. Bb2 Bg7 6. Be2 O-O 7. O-O Nc6 8. Ne5
Qc7 9. Nxc6 Qxc6 10. Bf3 b6 11. c4 Bb7 12. Nc3 e6 13. Qc2 Qd7 14. cxd5 exd5 15.
Ne2 Rfe8 16. Rae1 Rad8 17. Ng3 h5 18. Nh1 Ba6 19. Be2 Bxe2 20. Rxe2 d4 21. Qc1
Nd5 22. e4 Qg4 23. Ref2 Rxe4 24. g3 Qf5 25. Rf3 Rde8 26. Nf2 Re2 27. Nd3 Nf6 28.
Ne5 Ne4 29. Qc4 Rxd2 30. Bc1 Rxa2 31. b4 Qe6 32. Qb5 a6 33. Qc6 Qxc6 34. Nxc6 c4
35. Ne5 b5 36. Nd7 d3 37. Be3 c3 38. Ne5 d2 39. Nd3 c2 40. f5 d1=Q 0-1

[Event "7th Paleochora Open 2014"]
[Site "Paleochora GRE"]
[Date "2014.07.21"]
[Round "1.6"]
[White "Kharitonov, Alexandr"]
[Black "Agnanti, Danai"]
[Result "1-0"]
[WhiteTitle "GM"]
[WhiteElo "2554"]
[BlackElo "1720"]
[WhiteFideId "4135202"]
[BlackFideId "4231147"]
[EventDate "2014.07.21"]

1. d4 Nf6 2. c4 g6 3. g3 Bg7 4. Bg2 O-O 5. Nc3 d6 6. Nf3 Nc6 7. O-O a6 8. Bf4
Rb8 9. c5 h6 10. d5 Na7 11. cxd6 cxd6 12. a4 Bf5 13. Be3 Nc8 14. Nd4 Bd7 15. h3
b5 16. axb5 axb5 17. Qd3 b4 18. Ncb5 Nb6 19. Nc6 Bf5 20. Qb3 Qe8 21. Nxb8 Qxb5
22. Nc6 Nbxd5 23. Bxd5 Nxd5 24. Qxd5 1-0

[Event "7th Paleochora Open 2014"]
[Site "Paleochora GRE"]
[Date "2014.07.21"]
[Round "1.7"]
[White "Koronas, Vasilios"]
[Black "Mirzoev, Azer"]
[Result "0-1"]
[BlackTitle "GM"]
[WhiteElo "1719"]
[BlackElo "2554"]
[WhiteFideId "4215397"]
[BlackFideId "13400304"]
[EventDate "2014.07.21"]

1. Nf3 c5 2. g3 Nc6 3. Bg2 g6 4. d4 cxd4 5. Nxd4 Bg7 6. c3 Nf6 7. O-O O-O 8. Bg5
h6 9. Bf4 Qb6 10. Nb3 d5 11. Qc1 Kh7 12. N1d2 e5 13. Be3 Qc7 14. Bc5 Rd8 15. e4
dxe4 16. Nxe4 Nxe4 17. Bxe4 Bh3 18. Rd1 f5 19. Bg2 Bxg2 20. Kxg2 b6 21. Be3 Qb7
22. Kg1 e4 23. Nd4 Ne5 24. Ne6 Nf3+ 25. Kg2 Rxd1 26. Qxd1 Be5 27. Qc1 g5 28. Nd4
Bxd4 29. cxd4 Rg8 30. Qc4 Rg7 31. h4 gxh4 32. Qe6 Rg6 33. Qxf5 hxg3 34. Rh1
gxf2+ 35. Kxf2 Kg7 36. d5 Qe7 37. Qf4 Rf6 38. d6 Qxd6 39. Qg4+ Ng5+ 40. Ke1 Qe5
41. Rh5 Qf5 42. Qg2 Kg6 43. Rh4 Kf7 44. Bxg5 hxg5 45. Rxe4 Qxe4+ 46. Qxe4 Re6
47. Qxe6+ Kxe6 0-1

[Event "7th Paleochora Open 2014"]
[Site "Paleochora GRE"]
[Date "2014.07.21"]
[Round "1.8"]
[White "David, Alberto"]
[Black "Iatros, Aristidis"]
[Result "1-0"]
[WhiteTitle "GM"]
[WhiteElo "2553"]
[BlackElo "1701"]
[WhiteFideId "4000013"]
[BlackFideId "4209940"]
[EventDate "2014.07.21"]

1. e4 c5 2. Nf3 e6 3. g3 Nc6 4. Bg2 Nf6 5. d3 Be7 6. O-O O-O 7. Re1 d5 8. e5 Nd7
9. h4 Re8 10. Nbd2 Qc7 11. Qe2 b5 12. Nf1 a5 13. Bf4 Bb7 14. N1h2 Nd4 15. Nxd4
cxd4 16. Rac1 Nb6 17. Nf3 Bc5 18. c3 dxc3 19. Rxc3 Qe7 20. Rec1 Rac8 21. d4 Na4
22. R3c2 Ba7 23. Rxc8 Rxc8 24. Qxb5 Rxc1+ 25. Bxc1 Nb6 26. Qxa5 Bc6 27. b3 Nc8
28. Ba3 Qd7 29. Bc5 h6 30. Bf1 Bxc5 31. Qxc5 Na7 32. a4 Qb7 33. Be2 Be8 34. Nd2
Qb8 35. Bd3 g6 36. Kf1 Kg7 37. Ke1 h5 38. Kd1 Nc8 39. Kc2 f6 40. Ba6 1-0

[Event "7th Paleochora Open 2014"]
[Site "Paleochora GRE"]
[Date "2014.07.21"]
[Round "1.9"]
[White "Asvestopoulou, Evdokia"]
[Black "Rychagov, Andrey"]
[Result "0-1"]
[BlackTitle "GM"]
[WhiteElo "1691"]
[BlackElo "2543"]
[WhiteFideId "4219198"]
[BlackFideId "4119932"]
[EventDate "2014.07.21"]

1. d4 f5 2. c4 Nf6 3. Nc3 e6 4. g3 Bb4 5. Bd2 O-O 6. Bg2 d6 7. Nh3 e5 8. Qb3 Na6
9. a3 Ba5 10. Qa4 c6 11. e3 exd4 12. exd4 Bxc3 13. Bxc3 Re8+ 14. Kd2 Ne4+ 15.
Bxe4 fxe4 16. Nf4 g5 17. Ng2 Qf6 18. Rhe1 Bg4 0-1

[Event "7th Paleochora Open 2014"]
[Site "Paleochora GRE"]
[Date "2014.07.21"]
[Round "1.10"]
[White "Zinchenko, Yaroslav"]
[Black "Frosinos, Ioannis"]
[Result "1-0"]
[WhiteTitle "GM"]
[WhiteElo "2532"]
[BlackElo "1679"]
[WhiteFideId "14110547"]
[BlackFideId "4203305"]
[EventDate "2014.07.21"]

1. e4 d5 2. exd5 Nf6 3. d4 Nxd5 4. c4 Nb6 5. Nf3 g6 6. a4 a5 7. c5 Nd5 8. Bc4 c6
9. Qb3 Bg7 10. O-O O-O 11. Nc3 Nxc3 12. bxc3 e6 13. Ng5 Qe7 14. Ne4 Rd8 15. Bg5
f6 16. Bf4 Na6 17. Rfe1 g5 18. Nd6 gxf4 19. Bxe6+ Kf8 20. Bxc8 Qc7 21. Bxb7 Ra7
22. Qe6 Nb8 23. Qe8+ 1-0

[Event "7th Paleochora Open 2014"]
[Site "Paleochora GRE"]
[Date "2014.07.21"]
[Round "1.11"]
[White "Radionov, Timur"]
[Black "Pap, Misa"]
[Result "0-1"]
[BlackTitle "GM"]
[WhiteElo "1675"]
[BlackElo "2514"]
[WhiteFideId "34178772"]
[BlackFideId "921610"]
[EventDate "2014.07.21"]

1. e4 e5 2. Nf3 Nc6 3. d4 exd4 4. Bc4 Bc5 5. c3 d3 6. O-O d6 7. b4 Bb6 8. Re1
Bg4 9. Qxd3 Nge7 10. Ng5 Ne5 11. Qg3 Qd7 12. Be2 h6 13. Nf3 Bxf3 14. Bxf3 g5 15.
Be3 Bxe3 16. Rxe3 O-O-O 17. Re1 Kb8 18. Nd2 Rdg8 19. Be2 h5 20. f3 f5 21. Nc4 f4
22. Nxe5 Qe6 23. Bc4 Qxe5 24. Qf2 Rg7 25. Qd4 Qxd4+ 26. cxd4 Nc6 27. b5 Nxd4 28.
Red1 Nc2 29. Rac1 Ne3 30. Rd4 g4 31. Be2 gxf3 32. Bxf3 Rhg8 33. Rd2 Rg5 34. Kh1
Rxb5 35. h3 Rgg5 36. Kh2 h4 37. Rc3 Nf1+ 0-1

[Event "7th Paleochora Open 2014"]
[Site "Paleochora GRE"]
[Date "2014.07.21"]
[Round "1.12"]
[White "Werle, Jan"]
[Black "Karousos-Theodorakis, Anastasios"]
[Result "1-0"]
[WhiteTitle "GM"]
[WhiteElo "2511"]
[BlackElo "1674"]
[WhiteFideId "1006088"]
[BlackFideId "4255143"]
[EventDate "2014.07.21"]

1. Nf3 c5 2. c4 Nc6 3. Nc3 e5 4. g3 g6 5. Bg2 Bg7 6. O-O Nge7 7. d3 O-O 8. a3 d6
9. Rb1 a5 10. Ne1 Be6 11. Nd5 Rb8 12. Nc2 Nd4 13. Nxe7+ Qxe7 14. Ne3 f5 15. Nd5
Qd8 16. b4 axb4 17. axb4 cxb4 18. Rxb4 Nc6 19. Rb1 Kh8 20. f4 Ne7 21. fxe5 Bxd5
22. cxd5 Bxe5 23. Bf4 Bf6 24. Qa4 g5 25. Be3 Qe8 26. Qxe8 Rfxe8 27. Bb6 Rec8 28.
e4 Rc3 29. d4 Nc8 30. Rxf5 Nxb6 31. Rxf6 Nc4 32. Re6 Re3 33. Re7 b5 34. Rf1 b4
35. Rff7 h6 36. Bh3 g4 37. Bxg4 Nd2 38. Rh7+ Kg8 39. Be6+ 1-0

[Event "7th Paleochora Open 2014"]
[Site "Paleochora GRE"]
[Date "2014.07.21"]
[Round "1.13"]
[White "Petrakis, Nikolaos"]
[Black "Gavrilov, Alexei1"]
[Result "0-1"]
[BlackTitle "GM"]
[WhiteElo "1667"]
[BlackElo "2494"]
[WhiteFideId "4280008"]
[BlackFideId "4104358"]
[EventDate "2014.07.21"]

1. d4 Nf6 2. Nf3 d5 3. Bg5 Ne4 4. Bf4 c5 5. e3 cxd4 6. exd4 Qb6 7. Nc3 Nxc3 8.
bxc3 Nc6 9. Bd3 g6 10. O-O Bg7 11. Re1 O-O 12. h3 Qa5 13. Qd2 b6 14. a4 Ba6 15.
Qe2 Bxd3 16. Qxd3 Rac8 17. Bd2 e6 18. Reb1 Rc7 19. Rb3 Rfc8 20. Bf4 Rd7 21. h4
Ne7 22. Bc1 Rc4 23. Nd2 Rc8 24. Rb4 Nc6 25. Ba3 Nb8 26. Bb2 Qa6 27. Rb5 Nc6 28.
Nb3 Bf8 29. a5 Nxa5 30. Nxa5 bxa5 31. Raxa5 Qc6 32. Rb3 Rb7 33. Ra2 Rcb8 34. Ba3
Rxb3 35. cxb3 Rxb3 36. Bxf8 Kxf8 37. Qe3 Qc7 38. g3 Rxc3 39. Qh6+ Kg8 40. h5 Qb6
41. hxg6 hxg6 42. Re2 Qxd4 43. Rxe6 fxe6 44. Qxg6+ Kf8 45. Qxe6 Rc1+ 46. Kh2
Qh8+ 0-1

[Event "7th Paleochora Open 2014"]
[Site "Paleochora GRE"]
[Date "2014.07.21"]
[Round "1.14"]
[White "Pakleza, Zbigniew"]
[Black "Tsiros, Dimitrios"]
[Result "1-0"]
[WhiteTitle "IM"]
[WhiteElo "2487"]
[BlackElo "1654"]
[WhiteFideId "1119290"]
[BlackFideId "4227310"]
[EventDate "2014.07.21"]

1. d4 Nf6 2. Nf3 e6 3. Bf4 c5 4. c3 Nc6 5. e3 d5 6. Nbd2 Be7 7. h3 O-O 8. Bd3
Bd6 9. Bxd6 Qxd6 10. O-O e5 11. dxc5 Qxc5 12. e4 dxe4 13. Nxe4 Nxe4 14. Bxe4 Re8
15. Re1 f6 16. Qc2 h6 17. Qb3+ Kh8 18. Nh4 Be6 19. Qxb7 Rac8 20. b4 Qd6 21. Rad1
Qc7 22. Ng6+ Kg8 23. Bxc6 1-0

[Event "7th Paleochora Open 2014"]
[Site "Paleochora GRE"]
[Date "2014.07.21"]
[Round "1.15"]
[White "Zakharova, Diana"]
[Black "Rombaldoni, Denis"]
[Result "0-1"]
[BlackTitle "IM"]
[WhiteElo "1652"]
[BlackElo "2484"]
[WhiteFideId "34127523"]
[BlackFideId "813575"]
[EventDate "2014.07.21"]

1. e4 c5 2. Nc3 Nc6 3. d3 g6 4. g3 Bg7 5. Bg2 e6 6. f4 Nge7 7. Nf3 O-O 8. O-O d6
9. g4 f5 10. h3 Rb8 11. a4 a6 12. Nh2 d5 13. g5 d4 14. Ne2 fxe4 15. Bxe4 e5 16.
Bg2 Nd5 17. fxe5 Rxf1+ 18. Qxf1 Bxe5 19. Nf3 Bc7 20. Qf2 Qd6 21. Bd2 Bf5 22. Rc1
Re8 23. Re1 Kg7 24. Kf1 Rf8 25. Kg1 Bd7 26. Kf1 Ncb4 27. Rc1 Bxa4 28. b3 Bc6 29.
Ke1 Qe7 30. Kd1 Ne3+ 31. Bxe3 dxe3 32. Qf1 Bxf3 33. Bxf3 Qf7 34. Ng1 Bh2 0-1

[Event "7th Paleochora Open 2014"]
[Site "Paleochora GRE"]
[Date "2014.07.21"]
[Round "1.16"]
[White "Stopa, Jacek"]
[Black "Aggelaki, Stamatina"]
[Result "1-0"]
[WhiteTitle "IM"]
[WhiteElo "2482"]
[BlackElo "1640"]
[WhiteFideId "1119591"]
[BlackFideId "4211715"]
[EventDate "2014.07.21"]

1. c4 c5 2. Nf3 Nf6 3. Nc3 Nc6 4. d4 cxd4 5. Nxd4 g6 6. e4 d6 7. Nc2 Bg7 8. Be2
O-O 9. O-O Bd7 10. Rb1 Rc8 11. Kh1 Ne5 12. Ne3 Bc6 13. f3 b6 14. Bd2 Ba8 15. b4
Nc6 16. Qa4 Qd7 17. Rfc1 Nd4 18. Qxd7 Nxd7 19. Bf1 Nf6 20. Kg1 Rb8 21. a4 Rfc8
22. Nb5 Nxb5 23. axb5 Rc7 24. Bc3 Rd8 25. Ra1 Rdd7 26. Kf2 Nh5 27. g3 Bxc3 28.
Rxc3 Ng7 29. Rd3 f5 30. exf5 Nxf5 31. Bh3 e6 32. Rad1 Kf7 33. Bxf5 exf5 34. Rxd6
Ke7 35. R6d2 Rxd2+ 36. Rxd2 Rd7 37. Ra2 Kd8 38. c5 bxc5 39. bxc5 1-0

[Event "7th Paleochora Open 2014"]
[Site "Paleochora GRE"]
[Date "2014.07.21"]
[Round "1.17"]
[White "Androutsopoulos-Agiotatos, Vasil"]
[Black "Antic, Dejan"]
[Result "0-1"]
[BlackTitle "GM"]
[WhiteElo "1638"]
[BlackElo "2479"]
[WhiteFideId "4268130"]
[BlackFideId "901008"]
[EventDate "2014.07.21"]

1. e4 e6 2. d4 d5 3. Nc3 Bb4 4. e5 Ne7 5. a3 Bxc3+ 6. bxc3 b6 7. Qg4 Ng6 8. h4
h5 9. Qf3 Ba6 10. Bxa6 Nxa6 11. Qd3 Nb8 12. Nf3 Nc6 13. Ng5 Qd7 14. Rh3 Nge7 15.
Rf3 Nf5 16. a4 Na5 17. Rf4 Nc4 18. f3 O-O-O 19. a5 Kb7 20. g4 Nh6 21. a6+ Kb8
22. Qd1 Rde8 23. Kf2 Qe7 24. Ra4 f6 25. exf6 gxf6 26. Ne4 hxg4 27. Rxc4 f5 28.
Ng5 dxc4 29. fxg4 Nxg4+ 30. Rxg4 fxg4 31. Qxg4 Rhf8+ 32. Kg1 c6 0-1

[Event "7th Paleochora Open 2014"]
[Site "Paleochora GRE"]
[Date "2014.07.21"]
[Round "1.18"]
[White "Skembris, Spyridon"]
[Black "Fidrilakis, Stavros"]
[Result "1-0"]
[WhiteTitle "GM"]
[WhiteElo "2473"]
[BlackElo "1626"]
[WhiteFideId "4200020"]
[BlackFideId "4277821"]
[EventDate "2014.07.21"]

1. c4 e5 2. g3 Nf6 3. Bg2 d5 4. cxd5 Nxd5 5. Nc3 Ne7 6. Nf3 Nbc6 7. b4 a6 8. O-O
g6 9. a4 Bg7 10. Ba3 O-O 11. b5 axb5 12. axb5 Nd4 13. e3 Ndf5 14. Qc2 Be6 15.
Qe4 Nd6 16. Bxd6 cxd6 17. Rxa8 Qxa8 18. Ng5 d5 19. Qh4 h5 20. Nxe6 Nf5 21. Qg5
fxe6 22. Qxg6 Qe8 23. Qxe8 Rxe8 24. e4 dxe4 25. h4 Nd4 26. Bxe4 Bh6 27. Bxb7 Rb8
28. Bc6 Nxc6 29. bxc6 Rc8 30. Ne4 Rxc6 31. Rb1 Rc4 32. f3 Kg7 33. Kf2 Bxd2 34.
Nxd2 Rc2 35. Ke3 Rc3+ 36. Ke2 Rc2 37. Kd3 Ra2 38. Rb5 Kf6 39. Rc5 Ra1 40. Ne4+
Kf5 41. Rc8 1-0

[Event "7th Paleochora Open 2014"]
[Site "Paleochora GRE"]
[Date "2014.07.21"]
[Round "1.19"]
[White "Halkiadakis, Evangelos"]
[Black "Kapnisis, Spyridon"]
[Result "0-1"]
[BlackTitle "GM"]
[WhiteElo "1624"]
[BlackElo "2455"]
[WhiteFideId "4221338"]
[BlackFideId "4203445"]
[EventDate "2014.07.21"]

1. e4 c5 2. Nf3 Nc6 3. d4 cxd4 4. Nxd4 e6 5. Be2 Nf6 6. Nc3 Bb4 7. Nxc6 bxc6 8.
Qd3 O-O 9. O-O d5 10. e5 Nd7 11. Qg3 f6 12. exf6 Nxf6 13. Bf4 d4 14. Rad1 Bxc3
15. bxc3 Ne4 16. Qf3 Nxc3 17. Qxc3 dxc3 18. Rxd8 Rxd8 19. Bf3 Ba6 20. Re1 Bc4
21. Bxc6 Rac8 22. Bb7 Rc5 23. a4 e5 24. Be3 Ra5 25. Bc6 Ra6 26. Bb5 Bxb5 27.
axb5 Ra2 28. g3 Rxc2 29. Bxa7 Rb2 30. Rxe5 c2 31. Be3 Rd1+ 32. Kg2 Re1 33. Rc5
Rxe3 0-1

[Event "7th Paleochora Open 2014"]
[Site "Paleochora GRE"]
[Date "2014.07.21"]
[Round "1.20"]
[White "Prasanna, Raghuram Rao"]
[Black "Radionov, Deni"]
[Result "1-0"]
[WhiteTitle "IM"]
[WhiteElo "2455"]
[BlackElo "1602"]
[WhiteFideId "5022401"]
[BlackFideId "34170623"]
[EventDate "2014.07.21"]

1. e4 e5 2. Nf3 Nc6 3. Bb5 a6 4. Ba4 Nf6 5. d3 d6 6. c3 b5 7. Bb3 Na5 8. Bc2 c5
9. O-O Nc6 10. Re1 Be7 11. Nbd2 O-O 12. Nf1 Bg4 13. h3 Bh5 14. Ng3 Bg6 15. Nh4
h6 16. Nhf5 Qc7 17. Qf3 b4 18. Ba4 Bd8 19. Ne3 bxc3 20. bxc3 Ne7 21. Bb3 Qc6 22.
Bd2 Ba5 23. Nc4 Bc7 24. Bxh6 d5 25. exd5 Nexd5 26. Bg5 Ne7 27. Nxe5 Bxe5 28.
Rxe5 Qxf3 29. gxf3 Nc8 30. Rxc5 Nh7 31. d4 Nxg5 32. Rxg5 Nd6 33. Rxg6 1-0

[Event "7th Paleochora Open 2014"]
[Site "Paleochora GRE"]
[Date "2014.07.21"]
[Round "1.21"]
[White "Vlajkov, Milenko"]
[Black "Petrov, Marijan"]
[Result "0-1"]
[BlackTitle "GM"]
[WhiteElo "1592"]
[BlackElo "2438"]
[WhiteFideId "12967327"]
[BlackFideId "2901773"]
[EventDate "2014.07.21"]

1. e4 g6 2. f4 d5 3. exd5 Qxd5 4. Nc3 Qd6 5. d4 Bg7 6. Nf3 Bg4 7. Nb5 Qb6 8. Bc4
Bxf3 9. Qxf3 c6 10. Na3 Bxd4 11. c3 Bg7 12. Bb3 Nf6 13. Be3 Qc7 14. O-O O-O 15.
f5 Nbd7 16. fxg6 hxg6 17. Bd4 c5 18. Be3 Rac8 19. Bf4 Qc6 20. Qg3 Nh5 21. Qe3
Nb6 22. Be5 c4 23. Bxg7 Nxg7 24. Bc2 Qc5 25. Rae1 e6 26. Kh1 Qxe3 27. Rxe3 a6
28. Be4 Rc7 29. Ref3 f5 30. g4 Rd8 31. gxf5 exf5 32. Bc2 Re7 33. Rg3 Kf7 34.
Rfg1 Rd6 35. Bd1 Ne6 36. Rxg6 Rxd1 37. Rxd1 Kxg6 38. Rd6 Nc8 0-1

[Event "7th Paleochora Open 2014"]
[Site "Paleochora GRE"]
[Date "2014.07.21"]
[Round "1.22"]
[White "Lekic, Dusan"]
[Black "Petrakis, Stylianos"]
[Result "1-0"]
[WhiteTitle "IM"]
[WhiteElo "2433"]
[BlackElo "1583"]
[WhiteFideId "905330"]
[BlackFideId "4252764"]
[EventDate "2014.07.21"]

1. c4 Nf6 2. g3 g6 3. Bg2 Bg7 4. Nf3 O-O 5. O-O d6 6. d4 c5 7. Nc3 Nc6 8. dxc5
dxc5 9. Bf4 Nh5 10. Bd2 Be6 11. Qa4 Qb6 12. Nd5 Bxd5 13. cxd5 Nb4 14. e4 Qa6 15.
Qxa6 Nxa6 16. e5 Bh8 17. g4 Ng7 18. Rad1 Rfd8 19. Bc3 Ne8 20. Ng5 h6 21. Ne4 Nb4
22. Nxc5 Nxa2 23. Nxb7 Nxc3 24. bxc3 Rd7 25. Nc5 Rdd8 26. d6 Rac8 27. Nb7 Rd7
28. dxe7 Rxe7 29. f4 g5 30. Nd6 Nxd6 31. exd6 Rd7 32. fxg5 hxg5 33. Rd5 f6 34.
Be4 Rxc3 35. Bf5 Rd8 36. Re1 Rb3 37. d7 Rbb8 38. Rc5 Kf7 39. Rc8 Bg7 40. Re8
Rbxc8 41. dxc8=Q Rxe8 42. Bg6+ 1-0

[Event "7th Paleochora Open 2014"]
[Site "Paleochora GRE"]
[Date "2014.07.21"]
[Round "1.23"]
[White "Bravos, Panagiotis"]
[Black "Ahlander, Bjorn"]
[Result "0-1"]
[BlackTitle "IM"]
[WhiteElo "1576"]
[BlackElo "2426"]
[WhiteFideId "4243765"]
[BlackFideId "1700251"]
[EventDate "2014.07.21"]

1. e4 d6 2. d4 g6 3. Nc3 Bg7 4. Nf3 c6 5. Be2 b5 6. Bd3 b4 7. Ne2 Bg4 8. Be3
Bxf3 9. gxf3 Nd7 10. Qd2 e5 11. f4 exd4 12. Bxd4 Ngf6 13. c3 c5 14. Be3 Rb8 15.
f3 O-O 16. O-O d5 17. e5 Ne8 18. c4 d4 19. Bf2 Nc7 20. Bg3 Ne6 21. f5 gxf5 22.
f4 Bh6 23. Bxf5 Nxe5 24. Qd1 Ng6 25. Be4 f5 26. Bd5 Rb6 27. Nxd4 cxd4 28. Qxd4
Bg7 29. Qd2 Kh8 30. Qg2 Qf6 31. Rad1 Qxb2 32. Rd2 Qc3 33. Re2 Qd4+ 34. Bf2 Nexf4
35. Qf3 Nxe2+ 36. Qxe2 Qg4+ 37. Qxg4 fxg4 38. Bxb6 Rxf1+ 39. Kxf1 axb6 40. Be6
h5 41. Kf2 Bd4+ 42. Kf1 Kg7 43. Bc8 Nf4 44. Bb7 Kf6 45. Be4 h4 46. Bc6 Be3 0-1

[Event "7th Paleochora Open 2014"]
[Site "Paleochora GRE"]
[Date "2014.07.21"]
[Round "1.24"]
[White "Swapnil, S. Dhopade"]
[Black "Dyrhaug, Sverre S"]
[Result "1-0"]
[WhiteTitle "IM"]
[WhiteElo "2421"]
[BlackElo "1556"]
[WhiteFideId "5019184"]
[BlackFideId "1515829"]
[EventDate "2014.07.21"]

1. Nf3 d5 2. g3 e6 3. Bg2 Nf6 4. O-O Be7 5. c4 b6 6. d4 Bb7 7. cxd5 exd5 8. Nc3
O-O 9. Bf4 c5 10. Ne5 cxd4 11. Qxd4 Bc5 12. Qd2 Re8 13. Nd3 Bd6 14. Bxd6 Qxd6
15. Nf4 Na6 16. Nfxd5 Nxd5 17. Nxd5 Rad8 18. Rfd1 Nc7 19. Nxc7 Qxc7 20. Qf4 Qxf4
21. gxf4 Bxg2 22. Kxg2 f5 23. Kf3 Kf8 24. Rac1 Rxd1 25. Rxd1 Kf7 26. Rd7+ Re7
27. Rxe7+ Kxe7 28. Ke3 Ke6 29. Kd4 Kd6 30. f3 g6 31. h4 h6 32. e4 fxe4 33. fxe4
a6 34. e5+ Kc7 35. Kd5 Kd7 36. e6+ Ke7 37. Ke5 a5 38. a4 1-0

[Event "7th Paleochora Open 2014"]
[Site "Paleochora GRE"]
[Date "2014.07.21"]
[Round "1.25"]
[White "Veitsch, Norbert"]
[Black "Narayanan, Srinath"]
[Result "0-1"]
[BlackTitle "IM"]
[WhiteElo "1546"]
[BlackElo "2419"]
[WhiteFideId "1617737"]
[BlackFideId "5018420"]
[EventDate "2014.07.21"]

1. d4 Nf6 2. Bf4 e6 3. e3 c5 4. c3 b6 5. Nd2 Bb7 6. Ngf3 cxd4 7. exd4 Be7 8. Be2
O-O 9. Qc2 Na6 10. O-O Nc7 11. Ng5 Ncd5 12. Be5 h6 13. Nge4 Nxe4 14. Nxe4 d6 15.
Bg3 f5 16. Nxd6 Bxd6 17. f4 Ne3 0-1

[Event "7th Paleochora Open 2014"]
[Site "Paleochora GRE"]
[Date "2014.07.21"]
[Round "1.26"]
[White "Eggleston, David J"]
[Black "Mpampiolakis, Antonios"]
[Result "1-0"]
[WhiteTitle "IM"]
[WhiteElo "2409"]
[BlackElo "1542"]
[WhiteFideId "412120"]
[BlackFideId "4262425"]
[EventDate "2014.07.21"]

1. e4 e5 2. Nf3 Nc6 3. Bc4 d6 4. d4 Bg4 5. c3 Nf6 6. d5 Ne7 7. h3 Bd7 8. Nbd2
Ng6 9. h4 b5 10. Bf1 c5 11. g3 h5 12. Ng5 Ng4 13. Bh3 Be7 14. Nf1 Bxg5 15. hxg5
Nxf2 16. Kxf2 Bxh3 17. Rxh3 Qd7 18. Rxh5 O-O-O 19. Rxh8 Rxh8 20. Qf3 f6 21. Qf5
Qxf5+ 22. exf5 Ne7 23. gxf6 gxf6 24. Ne3 Rh2+ 25. Kf3 Kd7 26. b4 Rh1 27. Bb2
Rxa1 28. Bxa1 Kc7 29. g4 Kb6 30. g5 1-0